000
00328nam a2200157Ia 4500
003
OSt
005
20231221103634.0
008
170524s9999 xx 000 0 und d
020
_a
812650904X
040
_c
IIMT
100
_a
Haykin S
245
0
_a
Communication System
260
_b
Wiley
260
_c
2006
942
_2
ddc
_c
02
999
_c
4881
_d
4881